000 00957nac a22002531u 4500
008 090706t xxu||||| |||| 00| 0 eng d
010 _a 2006938374
020 _a9780618761258
020 _a0618833250
082 0 0 _a330
_bBOY
100 _aBoyes, William J.
_97629
245 1 0 _aEconomics /
_cWilliam Boyes, Michael Melvin.
250 _a7th ed.
260 _aBoston :
_bHoughton Mifflin Co.,
_cc2008.
300 _a1 v. (various pagings) :
_bcol. ill., col. maps ;
_c26 cm.
500 _aVarious multi-media instructional materials are available to supplement the text.
500 _adistributer: Baccah
504 _aIncludes bibliographical references and index.
511 _acatalogued by: wessam
650 0 _aEconomics.
_97630
700 1 _aMelvin, Michael,
_d1948-
_97631
942 _cBB
_k330BOY
_2ddc
999 _c8777
_d8777